000 00562nam a2200169 a 4500
001 000042432
005 20201002040143.0
008 131202s1985 mx ac 000 0 spa d
020 _a9688560022
040 _aDO-SdBNP
_bspa
_cBNPHU
082 _axxx
_bxxx
100 1 _aLeñero, Vicente
_d1933-
_969572
245 1 0 _aAsesinato :
_bel doble crimen de los Flores Muñoz /
_cVicente Leñero.
260 _aMéxico :
_bPlaza y Janes,
_c1985.
300 _a541 p. :
_bil., retrs. ;
_c21 cm.
500 _aIncluye referencias bibliográficas y notas al pie de las páginas.
999 _c41921
_d41921